Loading...
| Fine Arts - Auditory Fine Arts | 0 | 4 | 2 | 1 | 30 | 93 | 115.75 | 2 | 4 |
| Literature - British Literature | 1 | 1 | 0 | 0 | 25 | 63 | 70.00 | 2 | 2 |
| Literature - American Literature | 0 | 2 | 0 | 0 | 20 | 109 | 114.00 | 0 | 2 |
| Current Events | 0 | 1 | 0 | 0 | 10 | 104 | 104.00 | 1 | 1 |
| History - American History | 0 | 1 | 0 | 0 | 10 | 96 | 96.00 | 0 | 1 |
| History - Other History | 0 | 1 | 0 | 0 | 10 | 108 | 108.00 | 1 | 1 |
| Literature - World Literature | 0 | 1 | 0 | 0 | 10 | 107 | 107.00 | 0 | 1 |
| Mythology | 0 | 1 | 0 | 1 | 10 | 127 | 127.00 | 0 | 1 |
| History - European History | 0 | 1 | 1 | 1 | 5 | 128 | 128.00 | 0 | 1 |
| Philosophy | 0 | 0 | 0 | 0 | 0 | 0.00 | 0 | 0 | |
| Religion | 0 | 0 | 1 | 0 | -5 | 0.00 | 0 | 0 | |
| Social Science | 0 | 0 | 1 | 0 | -5 | 0.00 | 0 | 0 | |
| Geography | 0 | 0 | 1 | 0 | -5 | 0.00 | 0 | 0 |